Risk Territories- Sudden Death - Statistics

General Stats
  • This quiz has been taken 53 times
  • The average score is 6 of 18
Answers on the Grid
Answers color-coded by a green-red scale on the quiz's grid according to % correct below.
Congo
Rhodesia
North Africa
Western Sahara
Madagascar
Volga
Ukraine
Iceland
Northern Europe
Greece
Persia
Siam
Tibet
Amur
Kamchatka
Mongolia
Iraq
Yakutsk
Irkutsk
Afghanistan
New Guinea
Fiji
Western Australia
New South Wales
Philippines
New Zealand
Alberta
Ontario
Nunavut
Saskatchewan
Northwest Territory
Caribbean
Chile
Colombia
Venezuela
Amazon
 
Answer Stats
Answer % Correct
Northern Europe
62%
Madagascar
54%
Irkutsk
46%
Kamchatka
46%
Yakutsk
46%
Iceland
38%
Siam
38%
Venezuela
38%
Western Australia
38%
Alberta
31%
Congo
31%
Northwest Territory
31%
Ontario
31%
New Guinea
23%
North Africa
23%
Afghanistan
15%
Mongolia
15%
Ukraine
15%
No matching quizzes found
Score Distribution
Percent of People with Each Score
Percentile by Number Answered
Your Score History
You have not taken this quiz